| 000 | 00461cam a22001337a 4500 | ||
|---|---|---|---|
| 008 | 180718b2002 xxu||||| |||| 00| 0 eng d | ||
| 100 | _aHood, Ronald | ||
| 245 |
_aRecurrent expenditure requirements of capital projects estimation for budget purposes _cby Ronald Hood, David Husband and Fei Yu |
||
| 260 |
_aWashington, D.C. _bWorld Bank _c2002 |
||
| 300 | _a13p. | ||
| 440 | _aPolicy research working paper; 2938 | ||
| 700 | _aYu, Fei | ||
| 700 | _aHusband, David | ||
| 999 |
_c289016 _d289016 |
||